| 000 | 00515nam a2200181Ia 4500 | ||
|---|---|---|---|
| 003 | OSt | ||
| 005 | 20250502143619.0 | ||
| 008 | 191128t1970 sp r 000 f spa d | ||
| 040 |
_aCO-JMCR _cCO-JMCR |
||
| 041 | _aspa | ||
| 082 | 0 | 4 |
_aA-N _bSEGl |
| 100 | 1 |
_aSegal, Erich, _d1937-2010 _eautor _98141 |
|
| 245 | 1 | 0 |
_aLove story : _b(historia de amor) / _cErich Segal |
| 260 |
_aMadrid : _bCírculo de lectores, _c©1970 |
||
| 300 |
_a158 páginas ; _c20 cm |
||
| 650 | 1 | 4 |
_aNovela estadounidense _98142 |
| 942 |
_2ddc _cBK |
||
| 999 |
_c3745 _d3745 |
||